Ocelářský průmysl: Zrádný byznys
Bushova vláda plánuje uplatňovať ochranárske opatrenia v oceliarskom priemysle v Európe a v Ázii. Problémy oceliarskeho priemyslu v USA. Výroba desiatich najväčších svetových producentov ocele podľa regiónov.
Gespeichert in:
| Format: | Buchkapitel |
|---|---|
| Sprache: | Tschechisch |
| Schlagworte: | |
| Tags: |
Keine Tags, Fügen Sie das erste Tag hinzu!
|
MARC
| LEADER | 00000naa a2200000 4500 | ||
|---|---|---|---|
| 001 | r042209 | ||
| 005 | 20231004065611.3 | ||
| 041 | 0 | |a cze | |
| 044 | |a CZ | ||
| 245 | 1 | 0 | |a Ocelářský průmysl: Zrádný byznys |
| 520 | |a Bushova vláda plánuje uplatňovať ochranárske opatrenia v oceliarskom priemysle v Európe a v Ázii. Problémy oceliarskeho priemyslu v USA. Výroba desiatich najväčších svetových producentov ocele podľa regiónov. | ||
| 610 | 2 | 0 | |a oceľ |
| 610 | 2 | 0 | |a USA |
| 610 | 2 | 0 | |a hospodárstvo svetové |
| 610 | 2 | 0 | |a ochrana trhu |
| 610 | 2 | 0 | |a krajiny vyspelé |
| 610 | 2 | 0 | |a konkurencia |